000 00440nab a2200145Ia 4500
003 ES-SlBCS
005 20210601125645.0
008 140529s1979 xxu||||| |||| 00| 0 eng d
041 _aeng
100 1 _aNielsen, Kai
_950638
245 0 0 _aRadical Egalitarian Justice: Justice as Equality
_c Kai Nielsen
650 0 4 _aJusticia Igualitaria
_9133189
773 0 _tSocial Theory and Practice
_gvol. 5, 1979, págs. 209-226
_wRev846
942 _cAR
999 _c533913
_d533913